Оценка поведения наполненных полимеров в агрессивных средах по размерности Минковского; Иерархические материалы: разработка и приложения для новых технологий и надежных конструкций
| Parent link: | Иерархические материалы: разработка и приложения для новых технологий и надежных конструкций.— 2018.— [С. 284] |
|---|---|
| Hovedforfatter: | |
| Institution som forfatter: | |
| Andre forfattere: | |
| Summary: | Заглавие с экрана Режим доступа: по договору с организацией-держателем ресурса |
| Sprog: | russisk |
| Udgivet: |
2018
|
| Serier: | Научные основы разработки материалов с многоуровневой иерархической структурой, в том числе для экстремальных условий эксплуатации: - материалы для авиакосмической и транспортной промышленности; - материалы для ядерной энергетики; - материалы для работы в условиях арктического климата; - материалы для медицины |
| Fag: | |
| Online adgang: | https://elibrary.ru/item.asp?id=36748975 http://dx.doi.org/10.17223/9785946217408/175 |
| Format: | MixedMaterials Electronisk Book Chapter |
| KOHA link: | https://koha.lib.tpu.ru/cgi-bin/koha/opac-detail.pl?biblionumber=659857 |
MARC
| LEADER | 00000nla2a2200000 4500 | ||
|---|---|---|---|
| 001 | 659857 | ||
| 005 | 20240119094059.0 | ||
| 035 | |a (RuTPU)RU\TPU\network\28673 | ||
| 035 | |a RU\TPU\network\28672 | ||
| 090 | |a 659857 | ||
| 100 | |a 20190403a2018 k y0rusy50 ca | ||
| 101 | 0 | |a rus | |
| 102 | |a RU | ||
| 105 | |a y z 100zy | ||
| 135 | |a drgn ---uucaa | ||
| 181 | 0 | |a i | |
| 182 | 0 | |a b | |
| 200 | 1 | |a Оценка поведения наполненных полимеров в агрессивных средах по размерности Минковского |f Н. Н. Минакова, В. Я. Ушаков | |
| 203 | |a Текст |c электронный | ||
| 225 | 1 | |a Научные основы разработки материалов с многоуровневой иерархической структурой, в том числе для экстремальных условий эксплуатации: - материалы для авиакосмической и транспортной промышленности; - материалы для ядерной энергетики; - материалы для работы в условиях арктического климата; - материалы для медицины | |
| 300 | |a Заглавие с экрана | ||
| 320 | |a [Библиогр.: с. 284 (3 назв.)] | ||
| 333 | |a Режим доступа: по договору с организацией-держателем ресурса | ||
| 463 | 0 | |0 (RuTPU)RU\TPU\network\28560 |t Иерархические материалы: разработка и приложения для новых технологий и надежных конструкций |o международный симпозиум, 1-5 октября 2018 года, Томск, Россия |o тезисы докладов международной конференции "Перспективные материалы с иерархической структурой для новых технологий и надежных конструкций" |o тезисы докладов международной конференции "Химия нефти и газа" |f Российская академия наук (РАН), Сибирское отделение (СО), Институт физики прочности и материаловедения (ИФПМ) ; Российская академия наук (РАН), Сибирское отделение (СО), Институт химии нефти (ИХН) ; Национальный исследовательский Томский политехнический университет (ТПУ) |v [С. 284] |d 2018 | |
| 610 | 1 | |a электронный ресурс | |
| 610 | 1 | |a труды учёных ТПУ | |
| 610 | 1 | |a поведение | |
| 610 | 1 | |a наполненные полимеры | |
| 610 | 1 | |a агрессивные среды | |
| 610 | 1 | |a размерность Минковского | |
| 610 | 1 | |a наполнители | |
| 610 | 1 | |a каучуки | |
| 700 | 1 | |a Минакова |b Н. Н. | |
| 701 | 1 | |a Ушаков |b В. Я. |c специалист в области электроэнергетики |c профессор Томского политехнического университета, доктор технических наук |f 1939- |g Василий Яковлевич |3 (RuTPU)RU\TPU\pers\10509 |9 2236 | |
| 712 | 0 | 2 | |a Национальный исследовательский Томский политехнический университет |b Инженерная школа энергетики |b Отделение электроэнергетики и электротехники (ОЭЭ) |3 (RuTPU)RU\TPU\col\23505 |
| 801 | 2 | |a RU |b 63413507 |c 20191118 |g RCR | |
| 856 | 4 | |u https://elibrary.ru/item.asp?id=36748975 | |
| 856 | 4 | |u http://dx.doi.org/10.17223/9785946217408/175 | |
| 942 | |c CF | ||